| 000 | nam a22 7a 4500 | ||
|---|---|---|---|
| 999 |
_c233310 _d233310 |
||
| 005 | 20170306161314.0 | ||
| 008 | 170306b xxu||||| |||| 00| 0 eng d | ||
| 040 | _c. | ||
| 082 | _aBB-28 | ||
| 100 | _aSher Muhammad Chaudhary | ||
| 245 |
_aIntroduction To Statistical Theory / _cSher Muhammad Chaudhry |
||
| 250 | _aPart 1 | ||
| 260 |
_aLahore, _bILMI kitab Khana, _c2006. |
||
| 300 |
_a582 p. ; _b23 cm. |
||
| 942 |
_2ddc _cBK |
||